Statistics for Countries Closest to Canada - 15 Second Sprint

Click here to take the quiz!

General Stats

  • This quiz has been taken 149 times
  • The average score is 6 of 20

Answer Stats

kmcountrymiles% Correct
0United States0
98%
1809Mexico1124
84%
1238Russia769
65%
1232Bermuda (United Kingdom)765
53%
26Greenland (Denmark)16
51%
1638Iceland1018
45%
8St Pierre and Miquelon (France)5
35%
2065Cuba1283
34%
1657Bahamas1030
32%
2200Norway1367
17%
2352Sweden1461
16%
2625Jamaica1631
15%
2582Haiti1604
14%
2733Guatemala1698
13%
2342Finland1455
12%
2642Belize1642
7%
2644Dominican Republic1643
6%
2832Sint Maarten (Netherlands)1760
5%
2823Honduras1754
3%
1928Azores (Portugal)1198
2%

Score Distribution

Percentile by Number Answered

Percent of People with Each Score

Your Score History

You have not taken this quiz